000 00546nam a22001577a 4500
999 _c61418
_d61418
005 20240311124209.0
008 240311s1989 ru ||||| |||| 00| 0 rus d
041 _arus
080 _a94(38) И-90
245 _aИстория античности
_bДревняя Греция. Том Первый.
264 _aМосква :
_bПравда,
_c1989.
300 _a624 с.;
_b21 см.
653 _aანტიკურობის ისტორია
653 _aᲣძველესი საბერძნეთი
942 _2udc
_cBK